Living Egypt /

محفوظ في:

المؤلف الرئيسي: El-Gebeily, M. Ali el-Ghazaly (مؤلف)

مؤلفون آخرون: Terry-Smith, Sylvia.

التنسيق: كتاب

اللغة: English

منشور في: Cairo : Anglo-Egyptian Bookshop, 1945.

الموضوعات:

الوسوم: إضافة وسم

لا توجد وسوم, كن أول من يضع وسما على هذه التسجيلة!

رقم الطلب: DT49 .G4 1945

LEADER 00605namaa2200205 4500
003 OSt
005 20260324114435.0
008 130303s1945 ua cf 000 0 eng d
040 |c ARCE Library 
050 4 |a DT49 .G4 1945 
100 1 |a El-Gebeily, M. Ali el-Ghazaly,   |e author 
245 1 0 |a Living Egypt /  |c M. Ali el-Ghazaly el-Gebeily. 
264 1 |a Cairo :   |b Anglo-Egyptian Bookshop,   |c 1945. 
300 |a 175 pages :   |b Plates, ports. ;   |c 18 cm. 
500 |a "Postscript" singed : Terry-Smith. 
651 0 |a Egypt. 
700 1 |a Terry-Smith, Sylvia. 
901 |a reviewed 
942 |c BK  |2 lcc 
999 |c 1441  |d 1441